000 00310nam a2200109 4500
008 160623b xxu||||| |||| 00| 0 eng d
100 _9803
_a Jaffe, B
245 _aCrucibles: The Story of Chemistry
260 _aN.Y
_b Fawcett World Library
_c1957
300 _aCrucibles: The Story of Chemistry
942 _2ddc
_cBK
999 _c640
_d640